Význam internetu a sociálnych sietí v živote žiakov základných a stredných škôl

Salvato in:
Dettagli Bibliografici
Autore principale: Janková, Mária
Natura: Libro
Lingua:slovacco
Pubblicazione: Bratislava Centrum vedecko-technických informácií SR 2020
Soggetti:
Tags: Aggiungi Tag
Nessun Tag, puoi essere il primo ad aggiungerne!!

MARC

LEADER 00000nam a2200000 4500
001 0274705
005 20240221115213.1
020 |a 978-80-89965-35-9 
041 0 |a slo 
044 |a SK 
245 1 0 |a Význam internetu a sociálnych sietí v živote žiakov základných a stredných škôl  |c Mária Janková 
264 1 |a Bratislava  |b Centrum vedecko-technických informácií SR  |c 2020 
300 |a 77 s. 
610 2 0 |a školy základné 
610 2 0 |a školy stredné 
610 2 0 |a žiaci 
610 2 0 |a čas voľný 
610 2 0 |a technológie informačné 
610 2 0 |a technológie komunikačné 
610 2 0 |a siete sociálne 
610 2 0 |a internet 
610 2 0 |a riziko 
610 2 0 |a kontrola 
610 2 0 |a vzdelávanie 
610 2 0 |a údaje štatistické 
610 2 0 |a Slovensko 
100 1 |a Janková, Mária